000 00661nam a2200229Ia 4500
003 OSt
005 20230515151412.0
008 210423s2009 xx 000 0 und d
020 _a978-81-8488-537-8
040 _cAL
041 _aeng
082 _a332.1 SUDF
100 _aSUDHA (V);KALIDAS (K);KUMAR (R Sampath)
_9104315
245 _aFinancial inclusion aspects issues and the way forward
260 _aNew Delhi
_bHimalaya Publishing House
_c2009
300 _a285
_bPB
365 _b325
_cINR
650 _aBanking
_9104316
650 _aEconomics
_9104317
906 _aaspects ; Financial ; forward ; inclusion ; issues ; way
942 _2ddc
_cBK
999 _c166193
_d166193